000
00204 a2200097 4500
001
3639
100
_a
Mayer, A
245
_a
Pilot project, India
260
_a
_b
California press
_c
090
_c
2901
_d
2901
942
_a
NUST-CAE
_c
M
_c
21125
999
_c
238712
_d
238712